000 00865nam a22002297a 4500
005 20080811141834.0
008 080811t xxu||||| |||| 00| 0 eng d
010 _aENG-90698
020 _a9788184350333
_c525.00
035 _aEN-74231
037 _bDBAD / PUB
040 _aDPL
_bENGLISH
082 _a331.4
100 _aBarik, Sanghamitra
245 _aWomen's employment and social disadvantage /
_cby Sanghamitra Barik
260 _aNew Delhi
_bAdhyayan Publishers & Distributors
_c2008
300 _axi, 194p.
_c22 cm.(Hb)
500 _aIncludes bibliographical references and index
650 _aWomen
_xEmployment
_xCase study
942 _2ddc
_cEN
_h331.4
_mBAR
999 _c14791
_d14791